| 000 | 00919nam a2200229 a 4500 | ||
|---|---|---|---|
| 001 | 57532 | ||
| 003 | BD-RjUL | ||
| 005 | 20211209080525.0 | ||
| 008 | 160121s2010 bg ||||| |||| 00| 0 ben d | ||
| 020 |
_a9848913149 _c: Tk 300.00 |
||
| 035 | _a(BD-RjUL)57656 | ||
| 040 |
_aBD-RjUL _bban _cBD-RjUL _dBD-RjUL |
||
| 041 | _aben | ||
| 082 |
_223 _a297.5 _bALK 2010 |
||
| 100 |
_aআলী, মোঃ মোরতুজা _9170848 |
||
| 245 | 0 | 0 |
_aকুরআনের আলোয়ে আলোকিত মানুষ / _cমোঃ মোরতুজা আলী |
| 260 |
_aঢাকা : _bসিদ্দিকীয়া পাবলিকেশন্স, _c২০১০ |
||
| 300 |
_a৩০৪ পৃ. ; _c২২ সেমি. |
||
| 650 |
_aইসলামী নৈতিকতা এবং ধর্মীয় জীবন _9119427 |
||
| 650 |
_aIslamic ethics and Religious life _9119428 |
||
| 942 |
_2ddc _cBK |
||
| 999 |
_c57532 _d57532 |
||